书目信息 |
| 题名: |
小吃大味
|
|
| 作者: | 芮新林 著 | |
| 分册: | ||
| 出版信息: | 上海 上海文化出版社 2015 |
|
| 页数: | 360页 | |
| 开本: | 22cm | |
| 丛书名: | ||
| 单 册: | ||
| 中图分类: | TS972.142.51 | |
| 科图分类: | ||
| 主题词: | 风味小吃--feng wei xiao chi--介绍--上海市 | |
| 电子资源: | ||
| ISBN: | 978-7-5535-0386-8 | |
| 000 | 00819nam0 2200241 450 | |
| 001 | 1739408796 | |
| 005 | 20161207151528.0 | |
| 010 | @a978-7-5535-0386-8@dCNY30.00 | |
| 100 | @a20150813d2015 em y0chiy0121 ea | |
| 101 | 0 | @achi |
| 102 | @aCN@b310000 | |
| 105 | @ay z 000yy | |
| 106 | @ar | |
| 200 | 1 | @a小吃大味@Axiao chi da wei@e寻访上海的200家小吃店@f芮新林著 |
| 210 | @a上海@c上海文化出版社@d2015 | |
| 215 | @a360页@d22cm | |
| 330 | @a本书把上海的小吃分为: 包子类、馄饨类、面类、糕团饼类、油煎炸类、汤羹粥类、饭类等, 一共77篇小吃文章。 | |
| 517 | 1 | @a寻访上海的200家小吃店@Axun fang shang hai de 200jia xiao chi dian |
| 606 | 0 | @a风味小吃@Afeng wei xiao chi@x介绍@y上海市 |
| 690 | @aTS972.142.51@v5 | |
| 701 | 0 | @a芮新林@Arui xin lin@4著 |
| 801 | 0 | @aCN@b261080@c20151119 |
| 905 | @aBZT@dTS972.142.51@e1 | |
| 小吃大味:寻访上海的200家小吃店/芮新林著.-上海:上海文化出版社,2015 |
| 360页;22cm |
| ISBN 978-7-5535-0386-8:CNY30.00 |
| 本书把上海的小吃分为: 包子类、馄饨类、面类、糕团饼类、油煎炸类、汤羹粥类、饭类等, 一共77篇小吃文章。 |
| ● |
| 相关链接 |
|
|
|
正题名:小吃大味
索取号:TS972.142.51/1
 
预约/预借
| 序号 | 登录号 | 条形码 | 馆藏地/架位号 | 状态 | 备注 |
| 1 | 827990 | 2000827990 | 第二书库/ [索取号:TS972.142.51/1] | 在馆 | |
| 2 | 827991 | 2000827991 | 第二书库/ [索取号:TS972.142.51/1] | 在馆 | |
| 3 | 827992 | 2000827992 | 第二书库/ [索取号:TS972.142.51/1] | 在馆 |